000 00587nam a2200229Ia 4500
003 OSt
005 20220924132428.0
006 a|||||r|||| 00| 0
007 ta
008 220923b |||||||| |||| 00| 0 san d
024 _a54493
037 _cTextual
040 _aARTS
_cARTS
_bsan
041 _2san
_asan
082 _aP15:25A1x61, 15G81
100 _aPanini
245 0 _aPaniniya siksha tr into English by Manamohana Ghosa
260 _c1938
650 _aLINGUISTICS
942 _hP15:25A1x61, 15G81
_cTEXL
_2CC
999 _c430278
_d430278